Top 5 des nations du football pour chaque confédération - Statistiques

Statistiques générales
  • Ce quiz a été pris 128 fois
  • Le résultat moyen est 25 sur 30
Statistiques - réponses
Total points AFC (Asie) % Correct
1503.8 Algérie
99%
1698.72 Maroc
99%
1885.36 Argentine
98%
1777.69 Brésil
98%
1867.09 Espagne
98%
1862.03 France
98%
1635.1 Sénégal
98%
1578.57 Australie
97%
1548.94 Canada
97%
1679.46 Colombie
97%
1671.04 États-Unis
97%
1813.32 Angleterre
96%
1641.23 Japon
96%
1689.73 Mexique
95%
1288.86 Nouvelle-Zélande
95%
1770.53 Portugal
93%
1587.08 Corée du Sud
92%
1670.76 Uruguay
90%
1518.79 Égypte
88%
1570.68 Équateur
86%
1758.18 Pays-Bas
86%
1493.85 Costa Rica
77%
1545.08 Panama
71%
1484.26 Nigeria
70%
1043.44 Fidji
69%
1624.3 Iran
68%
1459.85 Qatar
63%
1045.58 Îles Salomon
32%
1039.55 Nouvelle-Calédonie
28%
1019.04 Tahiti
20%
Aucun quiz correspondant
Distribution des résultats
% des personnes avec chaque résultat
Percentile par nombre de réponses
Votre historique - résultats
Vous n’avez pas pris ce quiz